[Event "SVK Amateur-ch 2020"]
[Site "Topolcany"]
[Date "2020.07.10"]
[Round "1.10"]
[White "Gyurika, Tamas"]
[Black "Bodnar, Zoltan"]
[Result "1-0"]
[WhiteElo "1851"]
[BlackElo "2150"]
[Annotator "TA"]
[PlyCount "47"]
[EventDate "2020.07.10"]
[EventType "swiss"]
[EventCountry "SVK"]
[SourceTitle "playchess.com"]
[Source "ChessBase"]
[SourceQuality "1"]

{[%evp 20,47,53,50,54,29,66,-46,-53,-160,-163,-160,-150,-150,65,59,90,17,17,0,64,72,72,68,407,404,589,575,1443,1358]} 1. e4 c6 2. d4 d5 3. exd5 cxd5 4. Bd3 Nc6 5. c3 Nf6 6. Bf4 Bg4 7. Qb3 Qd7 8. Nd2 e6 9. Ngf3 Bxf3 10. Nxf3 a6 11. O-O Nh5 {B13: Caro-Kann: Exchange Variation and Panov-Botvinnik Attack.} 12. Ne5 Qc7 {[#]} 13. Nxc6 $146 (13. Bd2 $14) ({Predecessor:} 13. Bd2 Bd6 14. f4 Nf6 15. Rae1 g6 16. f5 gxf5 17. Nxc6 Bxh2+ 18. Kh1 bxc6 19. Rxf5 {½-½ (53) Velikic,A (2045)-Nedeljkovic,D (2152) Belgrade 2013}) 13... Nxf4 $15 {Black is slightly better.} 14. Ne5 (14. Nb4 $1 $15) 14... f6 $1 $17 {[%cal Rf6e5]} 15. g3 fxe5 16. gxf4 {[#]} exf4 $2 (16... e4 $1 $17 17. Bc2 O-O-O) 17. Rfe1 $14 Qe7 18. Qb6 ({Better is} 18. Kf1 $16 {Threatens to win with Bf5!} g6 {[#]} 19. Rxe6 $1 {[%mdl 512]} Qxe6 20. Re1 Qxe1+ 21. Kxe1) 18... Kf7 $11 19. Re5 {Bf5! is the strong threat.} Rc8 (19... Qd6 $1 $11 20. Qb3 (20. Qxb7+ Be7 $11) 20... g6) 20. Rae1 $36 {[%mdl 2048] aiming for Bf5! Keeping Black busy.} Rc6 21. Qb3 {Strongly threatening Bf5!} Qd7 $2 {[%mdl 8192] [#]} ({Black should play} 21... g6 $14) 22. Bf5 $1 $18 {[%mdl 576] Deflection} exf5 (22... b5 {might work better.} 23. Bxe6+ Rxe6) 23. Rxd5 Rg6+ {[#]} 24. Kf1 $1 {[%mdl 512] Accuracy: White = 53%, Black = 29%.} 1-0

[Event "SVK Amateur-ch 2020"]
[Site "Topolcany"]
[Date "2020.07.10"]
[Round "1.11"]
[White "Varga, Marcell"]
[Black "Miciak, Emanuel"]
[Result "1-0"]
[WhiteElo "2150"]
[BlackElo "1847"]
[Annotator "RC"]
[PlyCount "63"]
[EventDate "2020.07.10"]
[EventType "swiss"]
[EventCountry "SVK"]
[SourceTitle "playchess.com"]
[Source "ChessBase"]
[SourceQuality "1"]
[TimeControl "3600+30"]

1. e4 {[%emt 0:00:00]} c5 {[%emt 0:00:00]} 2. Nc3 {[%emt 0:00:14]} d6 {[%emt 0:00:03]} 3. d3 {[%emt 0:01:01]} Nc6 {[%emt 0:00:40]} 4. Be3 {[%emt 0:00:16]} g6 {[%emt 0:00:51]} 5. Qd2 {[%emt 0:00:41]} Bg7 {[%emt 0:00:17]} 6. Nge2 {[%emt 0:02:09]} Nf6 {[%emt 0:01:22]} 7. Bh6 {[%emt 0:04:13]} O-O {[%emt 0:02:01]} 8. h4 {[%emt 0:01:25]} b5 {[%emt 0:15:19]} 9. h5 {[%emt 0:02:34]} Bxh6 {[%emt 0:00:28]} 10. Qxh6 {[%emt 0:00:24]} Nxh5 {[%emt 0:09:37]} 11. Nf4 {[%emt 0:01:28]} Nf6 {[%emt 0:05:06]} 12. Ncd5 {[%emt 0:00:31]} Re8 {[%emt 0:01:09]} 13. Nxf6+ {[%emt 0:04:58]} exf6 {[%emt 0:00:01]} 14. Qxh7+ {[%emt 0:00:15]} Kf8 {[%emt 0:00:02]} 15. Qh8+ {[%emt 0:00:49]} Ke7 {[%emt 0:00:02]} 16. Nd5+ {[%emt 0:00:11]} Ke6 {[%emt 0:04:45]} 17. Qxe8+ {[%emt 0:02:23]} Qxe8 {[%emt 0:00:57]} 18. Nc7+ {[%emt 0:00:09]} Kd7 {[%emt 0:00:15]} 19. Nxe8 {[%emt 0:00:14]} Kxe8 {[%emt 0:00:02]} 20. Rh8+ {[%emt 0:00:23]} Ke7 {[%emt 0:00:16]} 21. g3 {[%emt 0:00:24]} Nd4 {[%emt 0:01:21]} 22. O-O-O {[%emt 0:00:25]} b4 {[%emt 0:00:34]} 23. Bh3 {[%emt 0:00:45]} Bb7 {[%emt 0:00:04]} 24. Rxa8 {[%emt 0:00:14]} Bxa8 {[%emt 0:00:02]} 25. c3 {[%emt 0:01:54]} bxc3 {[%emt 0:00:27]} 26. bxc3 {[%emt 0:00:03]} Nb5 {[%emt 0:00:47]} 27. Kd2 {[%emt 0:00:26]} Bc6 {[%emt 0:00:41]} 28. Bc8 {[%emt 0:03:21]} Na3 {[%emt 0:02:09]} 29. Rh1 {[%emt 0:01:29]} Ba4 {[%emt 0:00:21]} 30. Bb7 {[%emt 0:00:33]} Be8 {[%emt 0:02:43]} 31. Bd5 {[%emt 0:00:26]} Nb5 {[%emt 0:00:13]} 32. Rb1 {[%emt 0:00:56]} 1-0

[Event "SVK Amateur-ch 2020"]
[Site "Topolcany"]
[Date "2020.07.10"]
[Round "1.11"]
[White "Sokol, Eduard"]
[Black "Stevik, Patrik"]
[Result "0-1"]
[WhiteElo "1571"]
[BlackElo "2047"]
[Annotator "ChessBase"]
[PlyCount "50"]
[EventDate "2020.07.10"]
[EventType "swiss"]
[EventCountry "SVK"]
[SourceTitle "playchess.com"]
[Source "ChessBase"]
[SourceQuality "1"]
[TimeControl "3600+30"]

1. Nf3 {[%emt 0:00:40]} Nf6 {[%emt 0:00:00]} 2. d4 {[%emt 0:00:35]} e6 {[%emt 0:00:00]} 3. c4 {[%emt 0:00:05]} d5 {[%emt 0:00:33]} 4. Nc3 {[%emt 0:00:19]} a6 {[%emt 0:00:22]} 5. Bg5 {[%emt 0:00:29]} Be7 {[%emt 0:00:12]} 6. e3 {[%emt 0:00:10]} O-O {[%emt 0:00:24]} 7. Be2 {[%emt 0:02:38]} dxc4 {[%emt 0:00:25]} 8. Bxc4 {[%emt 0:00:03]} b5 {[%emt 0:00:09]} 9. Bd3 {[%emt 0:00:09]} Bb7 {[%emt 0:00:09]} 10. O-O {[%emt 0:00:59]} Nbd7 {[%emt 0:01:11]} 11. Rc1 {[%emt 0:07:59]} c5 {[%emt 0:00:56]} 12. Be2 {[%emt 0:04:16]} Qb6 {[%emt 0:00:39]} 13. dxc5 {[%emt 0:11:18]} Nxc5 {[%emt 0:07:11]} 14. Ne5 {[%emt 0:03:26]} Rfd8 {[%emt 0:01:58]} 15. Qe1 {[%emt 0:03:02]} h6 {[%emt 0:02:20]} 16. Bxf6 {[%emt 0:07:48]} Bxf6 {[%emt 0:00:21]} 17. Ng4 {[%emt 0:00:19]} Be7 {[%emt 0:01:08]} 18. Ne5 {[%emt 0:01:22]} Rac8 {[%emt 0:02:14]} 19. Rd1 {[%emt 0:02:14]} b4 {[%emt 0:01:58]} 20. Rxd8+ {[%emt 0:01:12]} Rxd8 {[%emt 0:00:11]} 21. Nb1 {[%emt 0:02:25]} a5 {[%emt 0:00:55]} 22. Nd2 {[%emt 0:03:33]} Bf6 {[%emt 0:00:39]} 23. Nec4 {[%emt 0:02:18]} Qc7 {[%emt 0:01:01]} 24. Bf3 {[%emt 0:01:19]} Bxf3 {[%emt 0:00:31]} 25. Nxf3 {[%emt 0:00:12]} Nd3 {[%emt 0:00:08]} 0-1

[Event "SVK Amateur-ch 2020"]
[Site "Topolcany"]
[Date "2020.07.10"]
[Round "1.12"]
[White "Nadzamova, Viktoria"]
[Black "Krucay, Jozef"]
[Result "1-0"]
[WhiteElo "2046"]
[BlackElo "1562"]
[Annotator "ChessBase"]
[PlyCount "77"]
[EventDate "2020.07.10"]
[EventType "swiss"]
[EventCountry "SVK"]
[SourceTitle "playchess.com"]
[Source "ChessBase"]
[SourceQuality "1"]
[TimeControl "3600+30"]

1. e4 {[%emt 0:00:00]} e5 {[%emt 0:00:00]} 2. Nf3 {[%emt 0:00:00]} Nc6 {[%emt 0:00:00]} 3. Bb5 {[%emt 0:00:00]} d6 {[%emt 0:00:00]} 4. c3 {[%emt 0:00:26]} a6 {[%emt 0:00:00]} 5. Ba4 {[%emt 0:00:05]} b5 {[%emt 0:00:00]} 6. Bc2 {[%emt 0:00:11]} Nf6 {[%emt 0:01:56]} 7. O-O {[%emt 0:00:21]} Be7 {[%emt 0:00:12]} 8. a4 {[%emt 0:01:38]} b4 {[%emt 0:00:25]} 9. d4 {[%emt 0:01:28]} exd4 {[%emt 0:02:51]} 10. cxd4 {[%emt 0:00:25]} Bg4 {[%emt 0:00:18]} 11. Be3 {[%emt 0:01:56]} a5 {[%emt 0:00:43]} 12. h3 {[%emt 0:01:20]} Bh5 {[%emt 0:00:22]} 13. Nbd2 {[%emt 0:00:55]} h6 {[%emt 0:01:07]} 14. Rc1 {[%emt 0:02:11]} Na7 {[%emt 0:04:28]} 15. d5 {[%emt 0:09:35]} c5 {[%emt 0:01:27]} 16. dxc6 {[%emt 0:01:13]} Nxc6 {[%emt 0:00:04]} 17. Bd3 {[%emt 0:00:23]} Ne5 {[%emt 0:01:44]} 18. Bb5+ {[%emt 0:01:15]} Nfd7 {[%emt 0:00:03]} 19. g4 {[%emt 0:03:14]} Nxf3+ {[%emt 0:02:05]} 20. Qxf3 {[%emt 0:01:51]} Bg6 {[%emt 0:00:31]} 21. Nc4 {[%emt 0:00:34]} Rb8 {[%emt 0:03:01]} 22. e5 {[%emt 0:05:22]} O-O {[%emt 0:01:03]} 23. exd6 {[%emt 0:01:22]} Bf6 {[%emt 0:01:29]} 24. Rfd1 {[%emt 0:03:46]} Ne5 {[%emt 0:01:45]} 25. Nxe5 {[%emt 0:01:36]} Bxe5 {[%emt 0:00:09]} 26. b3 {[%emt 0:04:51]} Kh8 {[%emt 0:01:40]} 27. Rc5 {[%emt 0:05:45]} Bf6 {[%emt 0:01:46]} 28. d7 {[%emt 0:02:36]} Bc3 {[%emt 0:00:54]} 29. Bf4 {[%emt 0:01:14]} Qf6 {[%emt 0:05:07]} 30. Rc6 {[%emt 0:01:09]} Qh4 {[%emt 0:06:23]} 31. Bxb8 {[%emt 0:00:46]} Bf6 {[%emt 0:01:58]} 32. Rc8 {[%emt 0:01:58]} Rg8 {[%emt 0:00:35]} 33. Bc7 {[%emt 0:00:22]} Qg5 {[%emt 0:00:40]} 34. Rxg8+ {[%emt 0:00:36]} Kxg8 {[%emt 0:00:03]} 35. Qa8+ {[%emt 0:00:10]} Kh7 {[%emt 0:00:06]} 36. d8=Q {[%emt 0:00:30]} Bxd8 {[%emt 0:00:36]} 37. Rxd8 {[%emt 0:00:58]} Bc2 {[%emt 0:02:00]} 38. Rh8+ {[%emt 0:00:18]} Kg6 {[%emt 0:00:02]} 39. Qc6+ {[%emt 0:00:09]} 1-0

[Event "SVK Amateur-ch 2020"]
[Site "Topolcany"]
[Date "2020.07.10"]
[Round "1.12"]
[White "Kovarikova, Maria"]
[Black "Macko, Michal"]
[Result "0-1"]
[WhiteElo "1844"]
[BlackElo "2148"]
[Annotator "TA"]
[PlyCount "78"]
[EventDate "2020.07.10"]
[EventType "swiss"]
[EventCountry "SVK"]
[SourceTitle "playchess.com"]
[Source "ChessBase"]
[SourceQuality "1"]

{[%evp 9,77,19,25,16,42,39,79,0,25,8,24,-6,0,10,5,0,23,19,32,0,52,-27,-6,-21,2,-31,32,14,10,13,5,0,-4,-18,54,-120,-117,-125,0,-3,4,3,2,4,0,4,4,0,242,240,230,227,233,224,226,222,345,346,400,-364,-385,-348,-347,-29992,-829,-29993,-824,-29998,-29999,-29999]} 1. e4 c5 2. Nc3 a6 3. g3 b5 4. Bg2 Bb7 5. d3 e6 6. Nge2 {B23: Closed Sicilian: Lines without g3.} Ne7 7. O-O d5 8. exd5 ({White should try} 8. d4 $1 $16) 8... Nxd5 $11 9. Ne4 Be7 10. Nf4 {[#]} Nxf4 $146 ({Predecessor:} 10... O-O 11. Re1 Nd7 12. h4 Ra7 13. a4 Nxf4 14. Bxf4 Ra8 15. axb5 f5 16. bxa6 Bc6 {0-1 (33) Ermolov,V (2146)-Barhudarian,R (2321) St Petersburg 2007}) 11. Bxf4 O-O 12. Qe2 Nc6 13. c3 Rc8 14. Rfd1 e5 (14... Qd7 $11) 15. Bc1 (15. Be3 $14) 15... f5 16. Nd2 Qd6 17. Nb3 Rc7 (17... f4 $15) 18. Be3 Nd8 19. Bxb7 Nxb7 20. d4 f4 21. Bc1 Rd7 {[#]} ({Better is} 21... fxg3 $11 22. hxg3 exd4) 22. Rd2 $2 (22. Bxf4 $1 $14 {[%mdl 512] is the one way to stay ahead.} exf4 23. dxc5 {[%mdl 64] Pin}) 22... exd4 $17 23. cxd4 fxg3 ({Worse is} 23... cxd4 24. Rxd4 Qc6 25. Bxf4 $16) (23... f3 $17 24. Qe4 c4) 24. hxg3 $11 {Hoping for dxc5.} c4 25. Nc5 $1 {[%cal Rc5d7]} Nxc5 26. dxc5 {[%mdl 64] Pin} Qc6 {...Rxf2! is the strong threat.} 27. Rxd7 Qxd7 28. c6 {[%mdl 64] Deflection} Qxc6 $2 (28... Qf5 $11) 29. Qxe7 $18 Re8 30. Qb4 Re5 {[#] ( -> ...Rh5)} 31. Qc3 $1 {[%cal Rc3e5]} Rh5 {[%csl Gc6][%cal Rh5h1]} 32. f3 Qd7 (32... Rd5 {was necessary.}) 33. Bf4 Qh3 34. Kf2 $4 {[%mdl 8192] [#]} (34. g4 $18 Qh1+ 35. Kf2 Qxa1 36. gxh5) 34... Qh2+ $1 $19 35. Ke3 Rd5 36. Qe1 $2 (36. Ke4 $19 Qh5 37. Ke3) 36... Rd3+ 37. Ke4 Qh3 (37... Qh5 $142 38. Be3 Qe8+ 39. Kf4 Rd5 40. Bg1 g5+ 41. Kg4 Qd7+ 42. Qe6+ Qxe6+ 43. Kh5 Qh3#) 38. Be5 g6 {[%csl Gg6][%cal Rh3f5]} 39. f4 Qf5# {Black used his chance. Accuracy: White = 58%, Black = 62%.} 0-1

[Event "SVK Amateur-ch 2020"]
[Site "Topolcany"]
[Date "2020.07.10"]
[Round "1.13"]
[White "Oprea, Erik"]
[Black "Alexandrova, Angelina"]
[Result "1-0"]
[WhiteElo "2143"]
[BlackElo "1839"]
[Annotator "TA"]
[PlyCount "65"]
[EventDate "2020.07.10"]
[EventType "swiss"]
[EventCountry "SVK"]
[SourceTitle "playchess.com"]
[Source "ChessBase"]
[SourceQuality "1"]

{[%evp 9,65,12,16,18,54,15,42,50,132,124,136,0,20,14,33,-1,-5,-19,25,5,34,-30,-11,-39,-11,-8,-10,-10,-10,-7,0,-12,-12,-24,0,-4,16,0,0,-14,6,6,5,9,351,-3,27,0,173,-78,177,177,283,299,336,324,975,740]} 1. d4 Nf6 2. c4 e6 3. a3 d5 4. Nf3 c5 5. e3 b6 6. cxd5 {D30: Queen's Gambit Declined: Systems without Nc3.} Nxd5 {[#]} 7. Ne5 $146 ({Predecessor:} 7. Bb5+ Bd7 8. Bd3 cxd4 9. exd4 Nc6 10. O-O Be7 11. Re1 O-O 12. Qc2 h6 13. Qe2 {0-1 (50) Mrva,M (2445)-Kantorik,M (2305) Tatranska Lomnica 1998}) 7... Bd6 8. Bb5+ {White is slightly better.} Bd7 (8... Nd7 $14) 9. Nxd7 $16 Nxd7 10. Nc3 (10. e4 $16 Nc7 11. Bc6) 10... Nxc3 11. bxc3 cxd4 12. Qxd4 {[%mdl 64] Double Attack} Ke7 13. O-O Be5 14. Qb4+ Nc5 (14... Bd6 $5 {[%cal Rd6b4]} 15. Qh4+ Nf6 $11) 15. Bb2 ({White should try} 15. e4 $14) 15... Qc7 $11 16. Rfd1 {Black must now prevent Rd7+.} a5 17. Qh4+ Bf6 18. Qc4 {Threatening Rd7+.} Rhd8 19. a4 $132 {[%mdl 2048] White is not holding back} Rd6 20. Rxd6 Qxd6 21. Ba3 Rc8 22. g3 Qd5 23. Qe2 Rd8 24. e4 Qd2 25. e5 Bg5 $1 26. Qc4 Qd5 $2 {[%mdl 8192]} (26... Kf8 $11 {and Black has nothing to worry.}) 27. Qe2 $2 (27. f4 $18) 27... Qd2 28. Qf3 {Hoping for Qb7+.} (28. Bxc5+ $5 bxc5 29. f4 Qxc3 30. Rd1 $11) 28... Qd5 $2 (28... Kf8 $11) 29. Qh5 $2 (29. Qxd5 $18 Rxd5 30. f4) 29... Bh6 $2 {[%mdl 8192] [#]} (29... Qxe5 $17 30. Rb1 Qf5) 30. Qh4+ $1 $18 Kf8 {[#]} (30... f6 {was necessary.}) 31. Be2 $1 Qa8 32. Rb1 Qb8 $2 (32... Rd2) 33. Bxc5+ {Accuracy: White = 61%, Black = 39%.} 1-0

[Event "SVK Amateur-ch 2020"]
[Site "Topolcany"]
[Date "2020.07.10"]
[Round "1.13"]
[White "Dubnicka, Ferdinand"]
[Black "Brnusak, Tomas"]
[Result "0-1"]
[WhiteElo "1552"]
[BlackElo "2044"]
[Annotator "ChessBase"]
[PlyCount "92"]
[EventDate "2020.07.10"]
[EventType "swiss"]
[EventCountry "SVK"]
[SourceTitle "playchess.com"]
[Source "ChessBase"]
[SourceQuality "1"]
[TimeControl "3600+30"]

1. e4 {[%emt 0:00:00]} c5 {[%emt 0:00:00]} 2. Nf3 {[%emt 0:00:08]} e6 {[%emt 0:00:25]} 3. Bc4 {[%emt 0:00:33]} Nc6 {[%emt 0:00:31]} 4. c3 {[%emt 0:00:44]} Nge7 {[%emt 0:00:54]} 5. d3 {[%emt 0:00:48]} g6 {[%emt 0:00:51]} 6. Be3 {[%emt 0:00:39]} b6 {[%emt 0:01:36]} 7. Nbd2 {[%emt 0:00:41]} Bg7 {[%emt 0:01:20]} 8. Nf1 {[%emt 0:02:10]} O-O {[%emt 0:00:16]} 9. Ng3 {[%emt 0:00:08]} d5 {[%emt 0:01:10]} 10. Bb3 {[%emt 0:00:40]} Qc7 {[%emt 0:03:03]} 11. O-O {[%emt 0:00:43]} Rd8 {[%emt 0:00:47]} 12. Qc1 {[%emt 0:00:14]} Ba6 {[%emt 0:01:35]} 13. Rd1 {[%emt 0:02:03]} dxe4 {[%emt 0:01:52]} 14. dxe4 {[%emt 0:00:31]} Na5 {[%emt 0:01:01]} 15. Bf4 {[%emt 0:02:29]} e5 {[%emt 0:01:45]} 16. Be3 {[%emt 0:00:35]} c4 {[%emt 0:02:12]} 17. Bc2 {[%emt 0:01:03]} Nb7 {[%emt 0:01:35]} 18. Rd2 {[%emt 0:03:22]} Nc5 {[%emt 0:03:14]} 19. Qf1 {[%emt 0:01:24]} Rxd2 {[%emt 0:04:54]} 20. Bxd2 {[%emt 0:01:06]} Rd8 {[%emt 0:01:21]} 21. Be3 {[%emt 0:00:18]} Nd3 {[%emt 0:01:31]} 22. Rb1 {[%emt 0:03:31]} h6 {[%emt 0:03:52]} 23. h3 {[%emt 0:00:26]} f5 {[%emt 0:00:57]} 24. exf5 {[%emt 0:03:22]} gxf5 {[%emt 0:00:51]} 25. Nh5 {[%emt 0:01:01]} Ng6 {[%emt 0:02:49]} 26. Nxg7 {[%emt 0:00:25]} Qxg7 {[%emt 0:00:30]} 27. Rd1 {[%emt 0:01:56]} Bb7 {[%emt 0:08:42]} 28. Ne1 {[%emt 0:01:00]} f4 {[%emt 0:02:26]} 29. Nxd3 {[%emt 0:03:45]} fxe3 {[%emt 0:06:14]} 30. Nc1 {[%emt 0:02:03]} exf2+ {[%emt 0:00:34]} 31. Qxf2 {[%emt 0:00:47]} Rxd1+ {[%emt 0:00:15]} 32. Bxd1 {[%emt 0:00:10]} Nf4 {[%emt 0:00:07]} 33. Bg4 {[%emt 0:01:05]} h5 {[%emt 0:02:30]} 34. Bf5 {[%emt 0:01:24]} Qg5 {[%emt 0:02:10]} 35. Qc2 {[%emt 0:01:12]} Nxg2 {[%emt 0:00:48]} 36. Bh7+ {[%emt 0:00:19]} Kg7 {[%emt 0:00:16]} 37. Qf5 {[%emt 0:00:25]} Qxc1+ {[%emt 0:00:11]} 38. Kh2 {[%emt 0:00:25]} Qf4+ {[%emt 0:00:19]} 39. Kg1 {[%emt 0:00:35]} Qxf5 {[%emt 0:00:12]} 40. Bxf5 {[%emt 0:00:17]} Nf4 {[%emt 0:00:23]} 41. Kh2 {[%emt 0:00:16]} Kf6 {[%emt 0:00:08]} 42. Bc2 {[%emt 0:00:12]} h4 {[%emt 0:00:13]} 43. Bd1 {[%emt 0:00:33]} e4 {[%emt 0:00:07]} 44. Bg4 {[%emt 0:00:06]} e3 {[%emt 0:00:06]} 45. Kg1 {[%emt 0:00:08]} Bg2 {[%emt 0:00:14]} 46. b3 {[%emt 0:00:43]} Bxh3 {[%emt 0:00:07]} 0-1

[Event "SVK Amateur-ch 2020"]
[Site "Topolcany"]
[Date "2020.07.10"]
[Round "1.14"]
[White "Zetocha, Adrian"]
[Black "Janik, Marek Tobias"]
[Result "1-0"]
[WhiteElo "2041"]
[BlackElo "1549"]
[Annotator "ChessBase"]
[PlyCount "71"]
[EventDate "2020.07.10"]
[EventType "swiss"]
[EventCountry "SVK"]
[SourceTitle "playchess.com"]
[Source "ChessBase"]
[SourceQuality "1"]
[TimeControl "3600+30"]

1. d4 {[%emt 0:00:00]} d5 {[%emt 0:00:00]} 2. c4 {[%emt 0:00:12]} e6 {[%emt 0:00:00]} 3. Nc3 {[%emt 0:00:13]} Nf6 {[%emt 0:00:09]} 4. cxd5 {[%emt 0:00:22]} exd5 {[%emt 0:00:19]} 5. Bg5 {[%emt 0:00:11]} Bb4 {[%emt 0:00:18]} 6. e3 {[%emt 0:08:42]} h6 {[%emt 0:00:32]} 7. Bxf6 {[%emt 0:01:56]} Qxf6 {[%emt 0:00:09]} 8. Qb3 {[%emt 0:02:39]} Bxc3+ {[%emt 0:00:57]} 9. bxc3 {[%emt 0:03:48]} c6 {[%emt 0:00:59]} 10. Nf3 {[%emt 0:00:43]} Nd7 {[%emt 0:01:18]} 11. Bd3 {[%emt 0:03:15]} O-O {[%emt 0:01:34]} 12. O-O {[%emt 0:01:10]} Re8 {[%emt 0:01:20]} 13. Rfe1 {[%emt 0:03:20]} Nb6 {[%emt 0:07:11]} 14. a4 {[%emt 0:01:56]} Rb8 {[%emt 0:02:21]} 15. a5 {[%emt 0:08:18]} Nd7 {[%emt 0:01:59]} 16. e4 {[%emt 0:03:00]} dxe4 {[%emt 0:01:09]} 17. Bxe4 {[%emt 0:00:20]} Nf8 {[%emt 0:02:48]} 18. Bh7+ {[%emt 0:02:43]} Kxh7 {[%emt 0:01:49]} 19. Rxe8 {[%emt 0:00:17]} Be6 {[%emt 0:05:20]} 20. Qc2+ {[%emt 0:00:32]} Bf5 {[%emt 0:00:15]} 21. Qe2 {[%emt 0:00:07]} Rxe8 {[%emt 0:01:05]} 22. Qxe8 {[%emt 0:00:11]} Ne6 {[%emt 0:01:40]} 23. a6 {[%emt 0:02:52]} b6 {[%emt 0:00:07]} 24. Qxc6 {[%emt 0:00:35]} Qg6 {[%emt 0:07:18]} 25. Nh4 {[%emt 0:03:08]} Qg5 {[%emt 0:00:13]} 26. Nxf5 {[%emt 0:00:26]} Qxf5 {[%emt 0:00:07]} 27. Re1 {[%emt 0:01:49]} Nf4 {[%emt 0:01:33]} 28. Qe4 {[%emt 0:00:16]} Qxe4 {[%emt 0:00:34]} 29. Rxe4 {[%emt 0:00:08]} Nd5 {[%emt 0:00:06]} 30. c4 {[%emt 0:01:12]} Nf6 {[%emt 0:00:12]} 31. Re7 {[%emt 0:00:07]} Kg6 {[%emt 0:00:12]} 32. Rxa7 {[%emt 0:00:09]} Ne4 {[%emt 0:00:34]} 33. Rb7 {[%emt 0:00:19]} Kf5 {[%emt 0:00:43]} 34. a7 {[%emt 0:00:15]} Nd6 {[%emt 0:00:12]} 35. Rc7 {[%emt 0:00:18]} g6 {[%emt 0:00:15]} 36. a8=Q {[%emt 0:00:11]} 1-0

[Event "SVK Amateur-ch 2020"]
[Site "Topolcany"]
[Date "2020.07.10"]
[Round "1.14"]
[White "Verbytskiy, Patrik"]
[Black "Balint, Vilmos"]
[Result "0-1"]
[WhiteElo "1824"]
[BlackElo "2140"]
[Annotator "TA"]
[PlyCount "72"]
[EventDate "2020.07.10"]
[EventType "swiss"]
[EventCountry "SVK"]
[SourceTitle "playchess.com"]
[Source "ChessBase"]
[SourceQuality "1"]

{[%evp 9,72,27,29,28,43,2,31,12,58,56,36,0,13,0,0,-31,7,2,18,-31,-33,-35,0,0,26,-24,-25,-29,-31,-27,-16,-4,13,2,0,-12,10,7,11,0,0,0,0,-525,-510,-29986,-29987,-29987,-1867,-1374,-822,-29986,-29987,-29987,-29988,-29988,-29989,-29989,-29990,-29993,-29989,-6170,-5881,-5285,-990]} 1. e4 e6 2. d4 d5 3. Nd2 a6 4. Ngf3 Nf6 5. Bd3 c5 6. c3 {C03: French Tarrasch: Unusual Black 3rd moves.} Nc6 7. exd5 exd5 8. O-O {White is slightly better.} c4 9. Re1+ Be7 10. Bf1 O-O 11. b3 b5 {[%cal Bb7b5,Bb5b4][%mdl 32]} 12. a4 {Black must now prevent axb5.} Bf5 (12... Be6 {keeps more tension.} 13. Qc2 Rc8 14. Bb2 Re8 15. Ng5 Bg4) 13. Ne5 Nxe5 {[#]} 14. Rxe5 $146 (14. dxe5 {is interesting.} Ne4 15. Nxe4 dxe4 16. Qxd8 Rfxd8 17. axb5 axb5 18. Rxa8 Rxa8 19. bxc4 bxc4 20. Be3) ({Predecessor:} 14. dxe5 Nd7 15. axb5 axb5 16. Rxa8 Qxa8 17. bxc4 dxc4 18. Nf3 Nc5 19. Nd4 Bd3 20. Bf4 Bxf1 21. Rxf1 Nd3 22. Bg3 Qd5 23. Qg4 {½-½ (23) Markus,J-Nap,G Netherlands 1986}) 14... Be6 15. g3 Nd7 16. Re1 b4 17. bxc4 {Strongly threatening Qf3.} bxc3 18. Nb1 Bb4 {aiming for ...c2!} 19. Qb3 {[#]} c2 $1 {[%mdl 512]} 20. Nd2 (20. Qxc2 Bxe1) 20... Qa5 (20... Rb8 {feels hotter.} 21. Qxc2 Qf6 22. Bb2 dxc4 23. Bc3 Rfc8) 21. Qxc2 {next c5 is good for White.} dxc4 22. Bxc4 Rac8 {Threatens to win with ...Bxc4.} 23. Rxe6 fxe6 24. Bxe6+ Kh8 25. Nc4 Qd8 26. Qb3 $2 {[%mdl 8192] [#]} (26. Rb1 $11) 26... Qf6 $1 $19 {[%csl LRd4,LRe6,LRf2][%mdl 576] Double Attack} 27. Ne3 (27. Be3 $19 Qxe6 28. Nd2) 27... Qxf2+ 28. Kh1 Qf3+ (28... Qe1+ $142 29. Kg2 Rf2+ 30. Kh3 {[#]} Qh1 $1 {[%mdl 512]} 31. Ng2 Qxg2+ 32. Kg4 Qxh2 33. Bxd7 g6 $1 {[%mdl 512]} 34. Qd5 h5+ 35. Kg5 Qxg3+ 36. Bg4 Qxg4+ 37. Kh6 Bf8#) 29. Kg1 Be1 {( -> ...Bf2+)} 30. Bg4 Bf2+ 31. Kf1 Qh1+ {[%mdl 64] Double Attack} 32. Ke2 Qe1+ 33. Kd3 Rxc1 {[%csl Gf2][%cal Re1e3]} 34. Nc2 Qf1+ 35. Be2 Rf3+ 36. Kd2 Rxb3 {Accuracy: White = 48%, Black = 58%.} 0-1